| 000 | 00450nam a22001697a 4500 | ||
|---|---|---|---|
| 005 | 20240403071316.0 | ||
| 008 | 240403b |||||||| |||| 00| 0 eng d | ||
| 022 | _a0258249X | ||
| 041 | _aEnglish | ||
| 082 | _a349 IND | ||
| 100 | _lEnglish | ||
| 245 | _aIndustrial Law Journal | ||
| 260 |
_aCape Town : _bJuta Law, _c2001 |
||
| 300 |
_b314 pages ; _c25 cm. |
||
| 650 |
_aLegal practice _bLaw |
||
| 942 |
_cBK _6ALISON_BN_VRIES |
||
| 999 |
_c1484 _d1484 |
||